000 00655nam a22001817a 4500
003 UA-OsUOA
001 17276
007 ta
008 20040219b un ||||| |||| 00| 0 ukr d
100 _aБасараба В.
942 _cSA
040 _aUA-OsUOA
_cUA-OsUOA
_dUA-OsUOA
245 _a"Мала Третяковка " у Рівному
_b[В Рівнен. обл. музеї понад 40 репродукцій з Третяковської галереї експонуються на виставці ]
300 _aС.3
955 _a0
773 0 _w0
_tВільне слово
_dРівне
_d2004
_g№14/18 лют./
650 7 _aВиставки
_2UDC
999 _c303444
_d303444